[Event "7. Festival Benidorm 2008 - Sub-2000"]
[Site "Benidorm ESP"]
[Date "2008.11.30"]
[Round "2.4"]
[White "Villodre Miranda, Juan Alfonso"]
[Black "Leroux, Mathieu"]
[Result "0-1"]
[WhiteElo "1901"]
[BlackElo "1996"]
[PlyCount "68"]
[EventDate "2008.11.29"]
[EventRounds "9"]
[EventCountry "ESP"]
[Source "lmi"]
[SourceDate "2008.11.29"]

1. c4 f5 2. f4 g6 3. g3 Bg7 4. Bg2 Nf6 5. Nc3 d6 6. e3 e5 7. Nge2 e4 8. d3 exd3
9. Qxd3 O-O 10. O-O Na6 11. Na4 Re8 12. Bd2 Rb8 13. Rab1 Bd7 14. Nac3 Nc5 15.
Qc2 Nce4 16. Nxe4 Nxe4 17. Nc3 Bc6 18. Nxe4 Bxe4 19. Bxe4 Rxe4 20. Qd3 Qe7 21.
Rfe1 Qe6 22. Qd5 Kf7 23. Kf2 Rxc4 24. Qxe6+ Kxe6 25. b3 Rc2 26. Re2 Rxa2 27.
Rc1 c6 28. Kf3 d5 29. h3 Kf7 30. b4 a6 31. g4 Re8 32. Rd1 Rc2 33. gxf5 gxf5 34.
Rg2 Bc3 0-1

[Event "7. Festival Benidorm 2008 - Sub-2000"]
[Site "Benidorm ESP"]
[Date "2008.11.30"]
[Round "2.5"]
[White "Lopez Garcia, Francisco Andres"]
[Black "Pascual Fuertes, Jose Enrique"]
[Result "1-0"]
[WhiteElo "1995"]
[BlackElo "1886"]
[PlyCount "61"]
[EventDate "2008.11.29"]
[EventRounds "9"]
[EventCountry "ESP"]
[Source "lmi"]
[SourceDate "2008.11.29"]

1. e4 c5 2. Nf3 d6 3. Bb5+ Bd7 4. Bxd7+ Nxd7 5. O-O Ngf6 6. Qe2 g6 7. c3 Bg7 8.
d4 cxd4 9. cxd4 O-O 10. e5 dxe5 11. dxe5 Nd5 12. e6 N7f6 13. exf7+ Kh8 14. Ng5
Qd6 15. Nc3 Nxc3 16. bxc3 h6 17. Ne6 Rxf7 18. Bf4 Qc6 19. Rad1 Nd5 20. Be5 Nxc3
21. Bxg7+ Rxg7 22. Qe5 Rag8 23. Nxg7 Nxd1 24. Ne6+ Kh7 25. Rxd1 Qc2 26. Re1
Qxa2 27. h4 b6 28. h5 gxh5 29. Qf5+ Kh8 30. Qxh5 Qd2 31. Re3 1-0

[Event "7. Festival Benidorm 2008 - Sub-2000"]
[Site "Benidorm ESP"]
[Date "2008.11.30"]
[Round "2.6"]
[White "Arroyo Rodriguez, Jesus"]
[Black "Castillo Lorente, Jose Luis"]
[Result "0-1"]
[WhiteElo "1994"]
[BlackElo "1872"]
[PlyCount "105"]
[EventDate "2008.11.29"]
[EventRounds "9"]
[EventCountry "ESP"]
[Source "lmi"]
[SourceDate "2008.11.29"]

1. e4 c5 2. f4 Nc6 3. Nf3 d6 4. Bc4 e6 5. d4 cxd4 6. Nxd4 Nf6 7. Nc3 d5 8. exd5
exd5 9. Bb5 Bd7 10. Be3 Bd6 11. h3 O-O 12. O-O Re8 13. Qd2 Bc5 14. Bxc6 bxc6
15. Rae1 Rb8 16. Na4 Ne4 17. Qd3 Bd6 18. b3 c5 19. Ne2 d4 20. Nxd4 cxd4 21.
Bxd4 Bxa4 22. Rxe4 Bc6 23. Rxe8+ Qxe8 24. Bxg7 Bc5+ 25. Bd4 Bxd4+ 26. Qxd4 Qe4
27. Qf2 Re8 28. Kh2 Qe2 29. Qg3+ Kf8 30. Rf2 Qe4 31. c4 Re6 32. f5 Rf6 33. Qb8+
Be8 34. g4 Kg7 35. Qg3 Bc6 36. Qh4 Qe5+ 37. Kg1 Qe1+ 38. Kh2 Qe5+ 39. Kg1 Qe4
40. Kh2 Qh1+ 41. Kg3 Qg1+ 42. Kf4 Qc1+ 43. Kg3 Qe3+ 44. Kh2 Rd6 45. f6+ Kh8 46.
Qg3 Qe6 47. Qf4 Rd8 48. Kg3 Qe1 49. Kh4 Rg8 50. Kh5 Be4 51. Qd2 Bg6+ 52. Kh6
Qe5 53. Re2 0-1

[Event "7. Festival Benidorm 2008 - Sub-2000"]
[Site "Benidorm ESP"]
[Date "2008.11.30"]
[Round "2.7"]
[White "Ruiz Ureta, Ernesto"]
[Black "Navarrete Espi, Samuel"]
[Result "1-0"]
[WhiteElo "1993"]
[BlackElo "1866"]
[PlyCount "71"]
[EventDate "2008.11.29"]
[EventRounds "9"]
[EventCountry "ESP"]
[Source "lmi"]
[SourceDate "2008.11.29"]

1. e4 e5 2. Nf3 Nc6 3. Bb5 Nf6 4. O-O Bc5 5. c3 O-O 6. d4 Bb6 7. Bg5 h6 8. Bh4
d6 9. Bxc6 bxc6 10. dxe5 dxe5 11. Qxd8 Rxd8 12. Nxe5 g5 13. Nxc6 Re8 14. e5 Ne4
15. Bg3 h5 16. Re1 Bb7 17. Nd4 h4 18. f3 hxg3 19. fxe4 c5 20. Nf5 Rxe5 21. Nxg3
c4+ 22. Kh1 Bf2 23. Re2 Bxg3 24. hxg3 Rae8 25. Nd2 Ba6 26. Rf2 Rd8 27. Raf1 Re7
28. Nf3 f6 29. Nd4 Rxe4 30. Rxf6 Bc8 31. Rg6+ Kh7 32. Rxg5 Kh6 33. Rc5 Rg8 34.
Rc6+ Kg5 35. Rxc4 Rh8+ 36. Kg1 1-0

[Event "7. Festival Benidorm 2008 - Sub-2000"]
[Site "Benidorm ESP"]
[Date "2008.11.30"]
[Round "2.8"]
[White "Monserrat Castells, Julio"]
[Black "Vegara Gallego, Pere"]
[Result "1-0"]
[WhiteElo "1993"]
[BlackElo "1865"]
[PlyCount "105"]
[EventDate "2008.11.29"]
[EventRounds "9"]
[EventCountry "ESP"]
[Source "lmi"]
[SourceDate "2008.11.29"]

1. d4 d5 2. Nf3 c6 3. c3 Bf5 4. Bf4 Nf6 5. e3 e6 6. Be2 Be7 7. Nbd2 Nbd7 8. O-O
h6 9. h3 Ne4 10. c4 Nxd2 11. Qxd2 O-O 12. c5 Be4 13. b4 a6 14. Qb2 Bxf3 15.
Bxf3 Bg5 16. Bd6 Re8 17. Be2 Be7 18. Bh2 f5 19. a4 Bf6 20. Bh5 Rf8 21. Ra2 Kh7
22. Rb1 g6 23. Be2 Re8 24. b5 axb5 25. axb5 Nxc5 26. Rxa8 Qxa8 27. bxc6 bxc6
28. Qb6 Ne4 29. Rc1 Bd8 30. Qxc6 Qxc6 31. Rxc6 Bf6 32. f3 Ng5 33. Ba6 Kg8 34.
Bd6 Nf7 35. Bc5 Kg7 36. f4 g5 37. g3 Nd8 38. Rc7+ Kg6 39. Kf2 gxf4 40. exf4 h5
41. h4 Nf7 42. Bc8 Bd8 43. Rc6 Kf6 44. Bd7 Rg8 45. Bxe6 Kg7 46. Bxf5 Bf6 47.
Rc7 Re8 48. Bd7 Re4 49. Bf5 Re8 50. Rd7 Bd8 51. Rxd5 Kf6 52. Bd3 Ke6 53. Rxh5
1-0

[Event "7. Festival Benidorm 2008 - Sub-2000"]
[Site "Benidorm ESP"]
[Date "2008.11.30"]
[Round "2.9"]
[White "Gillespie, David Mcphail"]
[Black "Mataix Arbona, Cesar"]
[Result "0-1"]
[WhiteElo "1897"]
[BlackElo "1987"]
[PlyCount "35"]
[EventDate "2008.11.29"]
[EventRounds "9"]
[EventCountry "ESP"]
[Source "lmi"]
[SourceDate "2008.11.29"]

1. d4 Nf6 2. Bf4 c5 3. e3 Qb6 4. b3 g6 5. Nf3 Bg7 6. c3 O-O 7. Bd3 Nc6 8. O-O
d6 9. Qc2 Bg4 10. Nbd2 Rac8 11. dxc5 Qxc5 12. Ne4 Nxe4 13. Bxe4 d5 14. Bd3 e5
15. Nxe5 Nxe5 16. f3 Nxd3 17. Qxd3 Bf5 18. Qc2 0-1

[Event "7. Festival Benidorm 2008 - Sub-2000"]
[Site "Benidorm ESP"]
[Date "2008.11.30"]
[Round "2.10"]
[White "Garcia Ruano, Juan Carlos"]
[Black "Harutyunyan, Tigran"]
[Result "0-1"]
[WhiteElo "1987"]
[BlackElo "1858"]
[PlyCount "96"]
[EventDate "2008.11.29"]
[EventRounds "9"]
[EventCountry "ESP"]
[Source "lmi"]
[SourceDate "2008.11.29"]

1. d4 Nf6 2. Nf3 e6 3. g3 b6 4. Bg2 Bb7 5. O-O Be7 6. c4 O-O 7. Nc3 d5 8. Ne5
c5 9. e3 Nbd7 10. f4 Rc8 11. Re1 Re8 12. Bd2 Bf8 13. Rc1 a6 14. a3 Rc7 15. cxd5
exd5 16. Qe2 g6 17. Rf1 Bg7 18. Na4 Qe7 19. Bh3 Bc8 20. Bxd7 Nxd7 21. Nxd7 Bxd7
22. Nxb6 Bb5 23. Qf3 Qd6 24. Nxd5 Rd7 25. Rxc5 Bxf1 26. Qxf1 Qb8 27. Qc1 Rb7
28. b4 Rd8 29. Qc4 Kf8 30. Qxa6 Ra7 31. Qc4 Rxa3 32. Rc7 Ra1+ 33. Kf2 Rxd5 34.
Rc8+ Rd8 35. Rxb8 Rxb8 36. Qc7 Raa8 37. d5 Rc8 38. Qd6+ Kg8 39. b5 Rc2 40. Qb4
Raa2 41. Ke2 Bc3 42. Qd6 Rxd2+ 43. Kf3 h5 44. f5 Rf2+ 45. Ke4 Rad2 46. f6 Bxf6
47. b6 Bg7 48. Qd8+ Kh7 0-1

[Event "7. Festival Benidorm 2008 - Sub-2000"]
[Site "Benidorm ESP"]
[Date "2008.11.30"]
[Round "2.11"]
[White "Vazquez Abad, Juan Carlos"]
[Black "De Anna, Franco"]
[Result "0-1"]
[WhiteElo "1889"]
[BlackElo "1948"]
[PlyCount "90"]
[EventDate "2008.11.29"]
[EventRounds "9"]
[EventCountry "ESP"]
[Source "lmi"]
[SourceDate "2008.11.29"]

1. d4 Nf6 2. c4 e6 3. Nf3 b6 4. g3 Bb7 5. Bg2 d6 6. Nc3 Nbd7 7. O-O Be7 8. Re1
Ne4 9. Qc2 Nxc3 10. Qxc3 Nf6 11. Qc2 Be4 12. Qc3 O-O 13. Nd2 Bxg2 14. Kxg2 c5
15. e4 cxd4 16. Qxd4 Qc7 17. Nf3 Rac8 18. b3 Rfd8 19. Ba3 Nd7 20. Rad1 Nc5 21.
Qe3 Bf6 22. Nd4 a6 23. h4 g6 24. h5 Bg7 25. hxg6 hxg6 26. Rh1 Qb7 27. f3 d5 28.
cxd5 exd5 29. e5 Re8 30. f4 Ne4 31. Rd3 b5 32. b4 Nd6 33. Qf3 Nc4 34. Bc1 Rcd8
35. g4 Qd7 36. Qh3 Kf8 37. f5 Nxe5 38. Bh6 f6 39. Ne6+ Rxe6 40. fxe6 Qe7 41.
Rd4 Nc6 42. Rf4 d4 43. Qd3 Ne5 44. Qe4 Qxe6 45. Bg5 Kg8 0-1

[Event "7. Festival Benidorm 2008 - Sub-2000"]
[Site "Benidorm ESP"]
[Date "2008.11.30"]
[Round "2.13"]
[White "Palacios Peña, Gerardo"]
[Black "Beltran Garcia, Ruben"]
[Result "0-1"]
[WhiteElo "1889"]
[BlackElo "1984"]
[PlyCount "72"]
[EventDate "2008.11.29"]
[EventRounds "9"]
[EventCountry "ESP"]
[Source "lmi"]
[SourceDate "2008.11.29"]

1. d4 d5 2. Nf3 Nf6 3. Bf4 e6 4. c3 Bd6 5. Bg5 Nbd7 6. Nbd2 h6 7. Bh4 c5 8. e3
O-O 9. Be2 Re8 10. O-O Rb8 11. a4 a6 12. a5 b5 13. axb6 Rxb6 14. Qc2 Qc7 15.
Ra2 Bb7 16. Bg3 Bxg3 17. hxg3 Rb8 18. Rb1 Bc6 19. dxc5 Nxc5 20. b4 Na4 21. Rxa4
Bxa4 22. Qxa4 Qxc3 23. Bxa6 Rxb4 24. Rxb4 Rxb4 25. Qd1 Rb2 26. Bf1 e5 27. Nb1
Qb4 28. Nfd2 Ne4 29. Nxe4 dxe4 30. Qd8+ Kh7 31. Qd7 Rxb1 32. Qxf7 Qb8 33. Qf5+
Kg8 34. Qxe4 Qb5 35. Qa8+ Kh7 36. Qe4+ g6 0-1

[Event "7. Festival Benidorm 2008 - Sub-2000"]
[Site "Benidorm ESP"]
[Date "2008.11.30"]
[Round "2.14"]
[White "Simo Bordoy, Guillermo"]
[Black "Benito Alba, Eladio"]
[Result "1-0"]
[WhiteElo "1983"]
[BlackElo "1848"]
[PlyCount "97"]
[EventDate "2008.11.29"]
[EventRounds "9"]
[EventCountry "ESP"]
[Source "lmi"]
[SourceDate "2008.11.29"]

1. Nf3 d5 2. c4 c6 3. e3 Nf6 4. Nc3 g6 5. d4 Bg7 6. Bd3 O-O 7. O-O Bg4 8. h3
Bxf3 9. Qxf3 Nbd7 10. cxd5 cxd5 11. Nxd5 Nxd5 12. Qxd5 e5 13. dxe5 Nxe5 14.
Qxd8 Rfxd8 15. Be4 Nc4 16. Bxb7 Rab8 17. Ba6 Nxb2 18. Rb1 Rb6 19. Be2 Rc8 20.
Bxb2 Bxb2 21. Bd3 Rd8 22. Rfd1 Kf8 23. Kf1 Ke7 24. Ke2 Rdd6 25. Bc4 Rxd1 26.
Rxd1 Ba3 27. Rd5 Bd6 28. Bb3 Rc6 29. Ra5 Bc5 30. Ra4 f5 31. Rh4 h5 32. Ra4 Rd6
33. Rc4 Bb6 34. Rc8 Bd8 35. Rb8 Rb6 36. Rc8 Rd6 37. Rc5 Kf6 38. Rc4 Bb6 39. Kf3
g5 40. g4 fxg4+ 41. hxg4 h4 42. Re4 Bc7 43. Re8 Rd7 44. Kg2 Re7 45. Rf8+ Kg7
46. Rf5 Kh6 47. Bc2 Kg6 48. Ra5+ Kf6 49. Rxa7 1-0

[Event "7. Festival Benidorm 2008 - Sub-2000"]
[Site "Benidorm ESP"]
[Date "2008.11.30"]
[Round "2.15"]
[White "Montero Garcia, Fco. Javier"]
[Black "Sanchez Lopez, Diego"]
[Result "0-1"]
[WhiteElo "1887"]
[BlackElo "1983"]
[PlyCount "66"]
[EventDate "2008.11.29"]
[EventRounds "9"]
[EventCountry "ESP"]
[Source "lmi"]
[SourceDate "2008.11.29"]

1. e4 e5 2. Nf3 Nc6 3. Bb5 a6 4. Ba4 b5 5. Bb3 Bc5 6. O-O Qf6 7. c3 Nge7 8.
Nxe5 Qxe5 9. d4 Nxd4 10. cxd4 Bxd4 11. Nd2 Bb6 12. Nf3 Qh5 13. Bg5 f6 14. Bd2
d6 15. a4 Rb8 16. axb5 axb5 17. Ba5 Bxa5 18. Rxa5 Bg4 19. Qd3 Bxf3 20. gxf3 Qe5
21. f4 Qc5 22. e5 fxe5 23. fxe5 Qxe5 24. f4 Qc5+ 25. Kg2 d5 26. Re1 O-O 27. f5
Rxf5 28. Raa1 Ng6 29. Kh1 Rbf8 30. Rad1 c6 31. Rc1 Qd6 32. Bc2 Rf2 33. Rf1
Qxh2# 0-1

[Event "7. Festival Benidorm 2008 - Sub-2000"]
[Site "Benidorm ESP"]
[Date "2008.11.30"]
[Round "2.17"]
[White "Hall, Rachid"]
[Black "Mitt, Hando"]
[Result "1-0"]
[WhiteElo "1981"]
[BlackElo "1843"]
[PlyCount "121"]
[EventDate "2008.11.29"]
[EventRounds "9"]
[EventCountry "ESP"]
[Source "lmi"]
[SourceDate "2008.11.29"]

1. e4 c5 2. Nf3 Nc6 3. Bb5 g6 4. c3 Bg7 5. O-O Nf6 6. e5 Nd5 7. Qb3 Nb6 8. d4
cxd4 9. cxd4 O-O 10. Bg5 d6 11. Nc3 Bg4 12. Bxc6 bxc6 13. exd6 Qxd6 14. Ne4 Qd5
15. Qxd5 Nxd5 16. Ned2 h6 17. Bh4 Bxf3 18. Nxf3 f5 19. h3 f4 20. Rab1 g5 21.
Bxg5 hxg5 22. Nxg5 Rfb8 23. Ne6 Bf6 24. b3 a5 25. Rbc1 Rb6 26. Rc4 Kf7 27. Re1
Rc8 28. g4 Bh4 29. Re4 Nf6 30. Re5 Rbb8 31. Nxf4 Rb4 32. Rxa5 Rxc4 33. bxc4 c5
34. Ng2 cxd4 35. Nxh4 Rxc4 36. Nf3 Ke6 37. Re5+ Kd6 38. g5 Nd7 39. Re4 e5 40.
g6 Rc3 41. Kg2 Nf6 42. g7 Rc7 43. Rg4 Rc8 44. Rg5 Rg8 45. h4 d3 46. h5 Nh7 47.
Rg6+ Ke7 48. h6 e4 49. Nd2 Kf7 50. Ra6 Nf6 51. Kf1 Rc8 52. a4 Rc1+ 53. Kg2 Rc2
54. Rxf6+ Kxf6 55. g8=Q Rxd2 56. Qg7+ Kf5 57. Kg3 Re2 58. Qf7+ Kg5 59. h7 Re1
60. h8=Q Rg1+ 61. Kh2 1-0

[Event "7. Festival Benidorm 2008 - Sub-2000"]
[Site "Benidorm ESP"]
[Date "2008.11.30"]
[Round "2.18"]
[White "Berstad, Joerund"]
[Black "Aledo Lopez, Angel"]
[Result "1/2-1/2"]
[WhiteElo "1885"]
[BlackElo "1979"]
[PlyCount "97"]
[EventDate "2008.11.29"]
[EventRounds "9"]
[EventCountry "ESP"]
[Source "lmi"]
[SourceDate "2008.11.29"]

1. e4 d6 2. d4 Nf6 3. Nc3 g6 4. Nf3 Bg7 5. h3 c6 6. a4 Nbd7 7. Bc4 Qa5 8. Bd2
Qc7 9. Qe2 e5 10. O-O O-O 11. d5 a5 12. Be3 Nb6 13. Bb3 Bd7 14. Rfd1 c5 15. Nd2
Nh5 16. Nb5 Bxb5 17. axb5 Nf4 18. Bxf4 exf4 19. c3 f5 20. e5 Bxe5 21. Nf3 Bf6
22. Qd2 c4 23. Bc2 Qc5 24. Qxf4 Nxd5 25. Qg3 Bg7 26. Ng5 Rf6 27. Qf3 Nb6 28.
Qxb7 h6 29. Nf3 Qxb5 30. Nd4 Qa6 31. Qe7 Nd5 32. Qe2 Nc7 33. Ba4 d5 34. Re1 Rb8
35. Rab1 Qd6 36. Qf3 Ne6 37. Nc6 Rb7 38. Rbd1 Nf4 39. Nxa5 Ra7 40. Nxc4 Qc7 41.
Bb5 dxc4 42. Rd7 Qb6 43. Rxa7 Qxa7 44. Qxf4 Rb6 45. Bxc4+ Kh7 46. Qe3 Qb7 47.
b3 Qb8 48. Qe7 Rb7 49. Qe3 1/2-1/2

[Event "7. Festival Benidorm 2008 - Sub-2000"]
[Site "Benidorm ESP"]
[Date "2008.11.30"]
[Round "2.19"]
[White "Zotes Flecha, Luis"]
[Black "Romero Gomez, Juan Carlos"]
[Result "0-1"]
[WhiteElo "1979"]
[BlackElo "1839"]
[PlyCount "48"]
[EventDate "2008.11.29"]
[EventRounds "9"]
[EventCountry "ESP"]
[Source "lmi"]
[SourceDate "2008.11.29"]

1. c4 c5 2. Nc3 Nc6 3. d3 d6 4. e4 Nf6 5. f4 g6 6. Nf3 Bg7 7. Be2 O-O 8. O-O
Ne8 9. h3 Nd4 10. g4 e6 11. Kh2 b6 12. Nxd4 Bxd4 13. f5 exf5 14. exf5 Bb7 15.
Bf3 Be5+ 16. Kg2 Qh4 17. Qe1 Bxf3+ 18. Kxf3 Qxh3+ 19. Ke2 Nf6 20. g5 Rfe8 21.
Ne4 Nxe4 22. dxe4 Bg3 23. Qc3 Rxe4+ 24. Be3 Rae8 0-1

[Event "7. Festival Benidorm 2008 - Sub-2000"]
[Site "Benidorm ESP"]
[Date "2008.11.30"]
[Round "2.20"]
[White "Soler Nadal, Jose Antonio"]
[Black "Fardbehbahani, B."]
[Result "0-1"]
[WhiteElo "1881"]
[BlackElo "1979"]
[PlyCount "72"]
[EventDate "2008.11.29"]
[EventRounds "9"]
[EventCountry "ESP"]
[Source "lmi"]
[SourceDate "2008.11.29"]

1. d4 d5 2. c4 c6 3. cxd5 cxd5 4. Nc3 Nf6 5. Bf4 a6 6. e3 e6 7. a3 Bd6 8. Bxd6
Qxd6 9. Nf3 Nbd7 10. Bd3 O-O 11. O-O Rd8 12. Rc1 e5 13. dxe5 Nxe5 14. Nxe5 Qxe5
15. h3 Bd7 16. Bb1 Rac8 17. Qf3 Bc6 18. Qf5 Qd6 19. Rcd1 g6 20. Qg5 Kg7 21. Rd4
h6 22. Qf4 Qxf4 23. exf4 Rd7 24. Re1 Re8 25. Rxe8 Nxe8 26. f3 Nc7 27. f5 Kf6
28. Kf2 Re7 29. g4 g5 30. Bd3 Ke5 31. Ke3 Bd7 32. b4 f6 33. Be2 Bc6 34. Rd3 Re8
35. a4 b6 36. Bf1 Bb7 0-1

[Event "7. Festival Benidorm 2008 - Sub-2000"]
[Site "Benidorm ESP"]
[Date "2008.11.30"]
[Round "2.99"]
[White "Laurentiu, Burlacu"]
[Black "Alvarez Escudero, Manuel"]
[Result "0-1"]
[WhiteElo "1980"]
[BlackElo "1921"]
[PlyCount "90"]
[EventDate "2008.11.29"]
[EventRounds "9"]
[EventCountry "ESP"]
[Source "lmi"]
[SourceDate "2008.11.29"]

1. e4 e5 2. f4 exf4 3. Nf3 Be7 4. h4 Nc6 5. d4 d5 6. e5 Bg4 7. Bxf4 Bxh4+ 8. g3
g5 9. Nc3 gxf4 10. gxh4 Nxd4 11. Qxd4 Bxf3 12. Rh2 c6 13. Qxf4 Bh5 14. Be2 Bxe2
15. Rxe2 Ne7 16. h5 Qd7 17. O-O-O Qf5 18. Qh4 Rg8 19. Kb1 Rg4 20. Qf6 Qxh5 21.
e6 fxe6 22. Rxe6 Qf7 23. Qh8+ Rg8 24. Qe5 Rg6 25. Rxg6 hxg6 26. Re1 Kd7 27. Na4
b6 28. Qe2 Rc8 29. a3 Nf5 30. Rd1 Kc7 31. Qe5+ Kb7 32. Rd3 Re8 33. Qc3 Re4 34.
Qb3 Nd4 35. Qc3 Nb5 36. Qb3 Rc4 37. Rf3 Qe6 38. Rf8 Nd4 39. Qg3 Rxa4 40. b3
Rxa3 41. Kb2 Ra5 42. Rb8+ Ka6 43. Qd3+ Nb5 44. c3 Qe5 45. Qc2 Qxb8 0-1

[Event "7. Festival Benidorm 2008 - Sub-2000"]
[Site "Benidorm ESP"]
[Date "2008.12.01"]
[Round "3.1"]
[White "Martinez Rubi, Alberto"]
[Black "Strand, Oyvin"]
[Result "1/2-1/2"]
[WhiteElo "1999"]
[BlackElo "1949"]
[PlyCount "94"]
[EventDate "2008.11.29"]
[EventRounds "9"]
[EventCountry "ESP"]
[Source "lmi"]
[SourceDate "2008.11.29"]

1. e4 e6 2. d4 d5 3. Nc3 Nf6 4. Bg5 Be7 5. e5 Ng8 6. Bxe7 Nxe7 7. Qg4 g6 8. h4
h5 9. Qf4 Nf5 10. Bd3 b6 11. Nf3 Ba6 12. Bxf5 gxf5 13. Qg3 Qe7 14. Qg7 Qf8 15.
Qg5 Nc6 16. O-O-O Ne7 17. Qd2 O-O-O 18. Ne2 Ng6 19. Ng5 Qe7 20. g3 Bxe2 21.
Qxe2 Kb7 22. Rd3 Rc8 23. Rc3 Nf8 24. Rd1 Nd7 25. Ra3 a5 26. Qb5 c6 27. Qb3 Ra8
28. c4 dxc4 29. Qxc4 b5 30. Qe2 Nb6 31. Nh3 Nd5 32. Nf4 Nxf4 33. gxf4 Qxh4 34.
Qf3 Qg4 35. Rh1 h4 36. Rc3 Qxf3 37. Rxf3 Rag8 38. Kd2 Rd8 39. Ke3 Rd5 40. Rfh3
Rhd8 41. Rd1 c5 42. Rxh4 Rxd4 43. Rxd4 cxd4+ 44. Kd3 Kc6 45. Rh7 Rd7 46. Rh8
Kc5 47. a3 a4 1/2-1/2

[Event "7. Festival Benidorm 2008 - Sub-2000"]
[Site "Benidorm ESP"]
[Date "2008.12.01"]
[Round "3.2"]
[White "Valverde Caballero, Rafael"]
[Black "Vazquez Rodriguez, Jorge"]
[Result "1-0"]
[WhiteElo "1948"]
[BlackElo "1998"]
[PlyCount "71"]
[EventDate "2008.11.29"]
[EventRounds "9"]
[EventCountry "ESP"]
[Source "lmi"]
[SourceDate "2008.11.29"]

1. e4 c5 2. Nf3 d6 3. d4 cxd4 4. Nxd4 Nf6 5. Nc3 e5 6. Nb3 Nc6 7. Bd3 Be6 8.
O-O Be7 9. f4 exf4 10. Bxf4 O-O 11. Qe1 Ne5 12. Kh1 Nh5 13. Be3 Ng4 14. Bd4
Nxh2 15. Kxh2 Bh4 16. Bf2 Bf6 17. Be2 Be5+ 18. Kg1 Nf4 19. Bg3 Qg5 20. Qf2 Nh3+
21. gxh3 Bxg3 22. Qg2 Qe3+ 23. Kh1 Be5 24. Rf3 Qh6 25. Rg1 f5 26. exf5 Rxf5 27.
Rxf5 Bxf5 28. Bg4 Rf8 29. Bxf5 Rxf5 30. Rf1 Bf4 31. Nd5 Rg5 32. Rxf4 g6 33. Qf3
Re5 34. Nf6+ Kg7 35. Qxb7+ Kf8 36. Nxh7+ 1-0

[Event "7. Festival Benidorm 2008 - Sub-2000"]
[Site "Benidorm ESP"]
[Date "2008.12.01"]
[Round "3.3"]
[White "Leroux, Mathieu"]
[Black "Carcel Valero, Juan Antonio"]
[Result "1/2-1/2"]
[WhiteElo "1996"]
[BlackElo "1939"]
[PlyCount "64"]
[EventDate "2008.11.29"]
[EventRounds "9"]
[EventCountry "ESP"]
[Source "lmi"]
[SourceDate "2008.11.29"]

1. e4 e5 2. Nc3 Nf6 3. Bc4 Nc6 4. d3 Bc5 5. h3 d6 6. Bg5 h6 7. Bh4 g5 8. Bg3
Qe7 9. Nge2 Be6 10. Bb3 O-O-O 11. Na4 Bb4+ 12. c3 Ba5 13. Bxe6+ Qxe6 14. b4 Bb6
15. Nxb6+ axb6 16. b5 Ne7 17. c4 h5 18. f3 Ng6 19. Qd2 Nf4 20. Rg1 Nxe2 21.
Kxe2 g4 22. f4 exf4 23. Qxf4 h4 24. Bf2 d5 25. cxd5 Nxd5 26. Qxg4 Nc3+ 27. Ke3
Nxb5 28. Qxe6+ fxe6 29. Rac1 Na7 30. a4 Nc6 31. Rc4 Ne5 32. Rc3 Nc6 1/2-1/2

[Event "7. Festival Benidorm 2008 - Sub-2000"]
[Site "Benidorm ESP"]
[Date "2008.12.01"]
[Round "3.4"]
[White "Cuevas Silva, Angel"]
[Black "Lopez Garcia, Francisco Andres"]
[Result "0-1"]
[WhiteElo "1938"]
[BlackElo "1995"]
[PlyCount "92"]
[EventDate "2008.11.29"]
[EventRounds "9"]
[EventCountry "ESP"]
[Source "lmi"]
[SourceDate "2008.11.29"]

1. e4 c5 2. Nf3 e6 3. d4 cxd4 4. Nxd4 a6 5. Nc3 Qc7 6. g3 b5 7. a3 Bb7 8. Bg2
Nf6 9. O-O Nc6 10. Nxc6 Bxc6 11. Re1 Be7 12. Nd5 Bxd5 13. exd5 Rc8 14. dxe6
dxe6 15. c3 O-O 16. Bf4 Qb6 17. Qe2 Rfd8 18. Rad1 Bc5 19. Bg5 Be7 20. Qf3 h6
21. Bf4 Rxd1 22. Rxd1 Rd8 23. Rxd8+ Qxd8 24. Qa8 Qxa8 25. Bxa8 Nd5 26. Be5 Nb6
27. Bb7 Nc4 28. Bd4 e5 29. Ba7 a5 30. Bc6 Nxb2 31. Bxb5 Bxa3 32. Bb6 a4 33. Be3
Bd6 34. Bc6 a3 35. Bd5 Nd1 36. Bd2 Bc5 37. Be1 Bxf2+ 38. Bxf2 Nxc3 39. Bb3 a2
40. Bxa2 Nxa2 41. Be1 Nc1 42. Kg2 Nd3 43. Bd2 f5 44. g4 fxg4 45. Bc3 Kf7 46.
Kg3 h5 0-1

[Event "7. Festival Benidorm 2008 - Sub-2000"]
[Site "Benidorm ESP"]
[Date "2008.12.01"]
[Round "3.5"]
[White "Garcia Domingo, Jose Antonio"]
[Black "Ruiz Ureta, Ernesto"]
[Result "1-0"]
[WhiteElo "1938"]
[BlackElo "1993"]
[PlyCount "69"]
[EventDate "2008.11.29"]
[EventRounds "9"]
[EventCountry "ESP"]
[Source "lmi"]
[SourceDate "2008.11.29"]

1. e4 c5 2. Nf3 Nc6 3. c4 g6 4. d4 cxd4 5. Nxd4 Bg7 6. Be3 Nf6 7. Nc3 d6 8. Be2
O-O 9. O-O Bd7 10. Qd2 Nxd4 11. Bxd4 Bc6 12. f3 a5 13. Nd5 Nd7 14. Bf2 Nc5 15.
Rab1 Bxd5 16. exd5 Qb6 17. b3 Qb4 18. Rfd1 Rfe8 19. Qc2 e5 20. dxe6 Rxe6 21.
Rd5 Rae8 22. Bf1 b6 23. Rbd1 a4 24. bxa4 Nxa4 25. Rb5 Qa3 26. Rb3 Qxb3 27. Qxb3
Nc3 28. Rd3 Ne2+ 29. Bxe2 Rxe2 30. Re3 R8xe3 31. Bxe3 Rb2 32. Qa4 Bc3 33. Bh6
Bd4+ 34. Kf1 f6 35. Qe8# 1-0

[Event "7. Festival Benidorm 2008 - Sub-2000"]
[Site "Benidorm ESP"]
[Date "2008.12.01"]
[Round "3.6"]
[White "Wlogalski, Olivier"]
[Black "Monserrat Castells, Julio"]
[Result "1-0"]
[WhiteElo "1938"]
[BlackElo "1993"]
[PlyCount "135"]
[EventDate "2008.11.29"]
[EventRounds "9"]
[EventCountry "ESP"]
[Source "lmi"]
[SourceDate "2008.11.29"]

1. b3 e6 2. Bb2 d5 3. e3 Nf6 4. f4 Be7 5. Nf3 b6 6. Bd3 Ba6 7. Bxa6 Nxa6 8. Ne5
Nb8 9. O-O O-O 10. Rf3 Nfd7 11. Rh3 Nxe5 12. Qh5 h6 13. fxe5 f6 14. Qg6 Qe8 15.
Rxh6 Qxg6 16. Rxg6 Kf7 17. Rg3 Nd7 18. exf6 gxf6 19. Rh3 e5 20. Nc3 c6 21. Rf1
Rg8 22. Ne2 Rg7 23. Rf5 Rag8 24. g3 Ke6 25. Rfh5 Nf8 26. Kf2 a5 27. a4 Kf7 28.
Ng1 Ne6 29. Rh8 Ng5 30. R3h5 Kg6 31. Nf3 Ne4+ 32. Ke2 Kf7 33. R5h7 Rxh7 34.
Rxh7+ Ke6 35. d3 Nd6 36. Nh4 Kd7 37. d4 e4 38. Ba3 Ke6 39. Bxd6 Bxd6 40. Rb7
Rb8 41. Rxb8 Bxb8 42. Kf2 Bd6 43. Ng2 Bb4 44. g4 b5 45. h4 Kf7 46. Nf4 Bd6 47.
Ne2 bxa4 48. bxa4 Kg6 49. Ng3 Ba3 50. Nf5 Bf8 51. Ke2 Bb4 52. Kd1 Ba3 53. c3
Bf8 54. Kc2 Ba3 55. Kb3 Bf8 56. c4 Kf7 57. c5 Kg6 58. Kc3 Kf7 59. Nd6+ Ke6 60.
Nb7 Bh6 61. Kd2 Kd7 62. Nxa5 Kc7 63. Nb3 Kb7 64. Nc1 Ka6 65. Ne2 Ka5 66. Ng3
Kxa4 67. Nf5 Bf8 68. h5 1-0

[Event "7. Festival Benidorm 2008 - Sub-2000"]
[Site "Benidorm ESP"]
[Date "2008.12.01"]
[Round "3.7"]
[White "Mataix Arbona, Cesar"]
[Black "Berenguer Martinez, Cruz Manuel"]
[Result "1-0"]
[WhiteElo "1987"]
[BlackElo "1936"]
[PlyCount "69"]
[EventDate "2008.11.29"]
[EventRounds "9"]
[EventCountry "ESP"]
[Source "lmi"]
[SourceDate "2008.11.29"]

1. d4 Nf6 2. Bg5 e6 3. e4 Be7 4. Bd3 b6 5. Nd2 Bb7 6. Ngf3 Nc6 7. a3 h6 8. Be3
Nh7 9. d5 Nb8 10. c4 Ng5 11. Nd4 e5 12. Nf5 Bf6 13. h4 Nh7 14. Qg4 Kf8 15. Rh3
d6 16. Rg3 Bc8 17. Qh5 Bxf5 18. exf5 Bxh4 19. Rg4 Bg5 20. Bxg5 Nxg5 21. f4 exf4
22. Rxf4 Nd7 23. O-O-O Qf6 24. Nb3 Nc5 25. Nd4 Qe5 26. Qh4 Qe3+ 27. Kc2 Nxd3
28. Rxd3 Qe7 29. f6 gxf6 30. Nf5 Qe5 31. Re3 Re8 32. Rxe5 fxe5 33. Rg4 e4 34.
Rxg5 e3 35. Rg8+ 1-0